Magnetic studies of some single crystals / (Record no. 41945)

MARC details
000 -LEADER
fixed length control field 00743nam a22002057a 4500
005 - DATE AND TIME OF LATEST TRANSACTION
control field 20100814145542.0
010 ## - LCCN (DPL NO)
LC control number ENG-100476
020 ## - INTERNATIONAL STANDARD BOOK NUMBER
International Standard Book Number 9788190793452
Terms of availability 40.00
035 ## - SYSTEM CONTROL NUMBER
System control number EN-84009
037 ## - SOURCE OF ACQUISITION
Source of stock number/acquisition DBAD/PUB
082 ## - DEWEY DECIMAL CLASSIFICATION NUMBER
Classification number 539.776
100 ## - MAIN ENTRY--PERSONAL NAME
Personal name Deivamani, D.
245 ## - TITLE STATEMENT
Title Magnetic studies of some single crystals /
Statement of responsibility, etc by D.Deivamani
260 ## - PUBLICATION, DISTRIBUTION, ETC. (IMPRINT)
Place of publication, distribution, etc Chidambaram
Name of publisher, distributor, etc Sahana Publications
Date of publication, distribution, etc 2008
270 ## - ADDRESS
Address 12, Ganthi Nagar
City Chidambaram
Postal code 608001
300 ## - PHYSICAL DESCRIPTION
Extent 64p.
Dimensions 20cm (pbk)
500 ## - GENERAL NOTE
General note Includes bibliographical references
942 ## - ADDED ENTRY ELEMENTS (KOHA)
Source of classification or shelving scheme Dewey Decimal Classification
Item type English Books
Classification part 539.776
Call number suffix DEI
Holdings
Withdrawn status Lost status Not for loan Collection code Home library Current library Date acquired Source of acquisition Cost, normal purchase price Full call number Barcode Copy number Cost, replacement price Koha item type
    Not For Loan Non-fiction D.B.Act.Division D.B.Act.Division 14/08/2010 DBAD/PUB 40.00 539.776 DEI EN-84009 1 40.00 English Books

© Delhi Public Library
Hit Counter
free hit counter